000 00481nam a2200169Ia 4500
008 220531s9999 xx 000 0 und d
041 _amar
100 _aथोपे ए.आणि थोपे शो
_960242
245 _aचालू घडामोडी मार्गदर्शक
250 _a1
260 _aPune
_bPearson
_c2012
300 _a223
542 _d20-10-2011
650 _aCompetitive exam
_960243
906 _d2011-2012
999 _c34433
_d34433